000 00579nam a22002057a 4500
003 OSt
005 20170208192859.0
008 170208b xxu||||| |||| 00| 0 eng d
020 _a0030968356
040 _cDDC
082 _a595.7TRI 2005.
100 _aTriplehorn,A.Charles;Johnson,F.Norman;
_911514
245 _aBorror and Delong's Introduction to study of Insects.
250 _a7th ed.
260 _aAustraria.
_bThomson.
_c2005.
300 _ax,864p;
_bill:
_c27cm.
504 _aincludes Glossary,Credits and Index.
650 _aZoology.
_98070
942 _2ddc
_cO_SHELF
999 _c5517
_d5517